ڿϢ |
| 索取号 |
Z6/CHIN
|
| 题名 |
China Today
|
| 作者 |
й༭
|
| 分册号 |
|
| 分册名 |
|
| 出版地 |
|
| 出版者 |
й༭
|
| 标准刊号 |
1003-0905
|
| 出版频率 |
¿
|
| 中图法分类 |
Z6
|
| 主题词 |
ڿ; ; ; ֽ; 챨
|
| 电子资源 | |
| |
|
| 000 | 00595nas0 2200241 45 | |
| 001 | 0734230047 | |
| 005 | 20160510110859.21 | |
| 011 | @a1003-0905 | |
| 091 | @aCN11-2663 | |
| 100 | @a20070904d km y0chiy0120 ea | |
| 101 | 0 | @aeng |
| 200 | 1 | @aChina Today@fй༭@FJin Ri Zhong Guo Bian Ji Bu |
| 210 | @a@cй༭ | |
| 326 | @a¿ | |
| 606 | 0 | @aڿ |
| 606 | 0 | @a |
| 606 | 0 | @a |
| 606 | 0 | @aֽ |
| 606 | 0 | @a챨 |
| 690 | @aZ6@v4 | |
| 711 | 02 | @aй༭@AJin Ri Zhong Guo Bian Ji Bu |
| 801 | 0 | @aCN@bPFT@c20070904 |
| 905 | @a213230@dZ6@eCHIN | |
| China Today/й༭.-й༭ |
| ISSN 1003-0905 |
| ● |
| 相关链接: |
|
|
|
|